Indian journal of psychological medicine (Record no. 197249)

MARC details
000 -LEADER
fixed length control field 00322nam a2200121 4500
007 - PHYSICAL DESCRIPTION FIXED FIELD--GENERAL INFORMATION
fixed length control field dpl
008 - FIXED-LENGTH DATA ELEMENTS--GENERAL INFORMATION
fixed length control field 230818b ||||| |||| 00| 0 eng d
022 ## - INTERNATIONAL STANDARD SERIAL NUMBER
International Standard Serial Number 0253-7176
245 ## - TITLE STATEMENT
Title Indian journal of psychological medicine
260 ## - PUBLICATION, DISTRIBUTION, ETC. (IMPRINT)
Place of publication, distribution, etc New Delhi
Name of publisher, distributor, etc Sage
Date of publication, distribution, etc 2023
300 ## - PHYSICAL DESCRIPTION
Extent vol.45,issue1
Other physical details ill.
Dimensions 28cm
942 ## - ADDED ENTRY ELEMENTS (KOHA)
Source of classification or shelving scheme Dewey Decimal Classification
Item type Periodicals
Call number suffix PSY
Serial record 1
Holdings
Withdrawn status Lost status Source of classification or shelving scheme Damaged status Not for loan Collection code Home library Current library Shelving location Date acquired Source of acquisition Total Checkouts Full call number Date last seen Price effective from Koha item type
    Dewey Decimal Classification   Not For Loan Non-fiction Central Library Central Library On Display 18/08/2023 DBAD   PSY 18/08/2023 18/08/2023 Periodicals

© Delhi Public Library
Hit Counter
free hit counter